Państwa posiadające najwięcej użytkowników JetPunka na mieszkańca - Statystyki

Ogólne statystyki
  • Ten quiz został rozwiązany 21 razy
  • Średni wynik to 12 z 20
Statystyki odpowiedzi
Na 100 tys.
mieszkańców
Państwo % Poprawnych
4 411 Polska
100%
1 668 Niemcy
94%
2 724 Wielka Brytania
94%
6 155 Francja
88%
2 226 Kanada
75%
3 116 Belgia
63%
1 950 Holandia
63%
2 071 Australia
56%
4 661 Finlandia
56%
2 209 Norwegia
56%
1 646 Andora
50%
1 769 Austria
50%
2 531 Irlandia
50%
3 236 Luksemburg
50%
2 380 Nowa Zelandia
50%
3 021 Szwajcaria
50%
6 524 Monako
44%
2 969 Islandia
38%
1 582 Chorwacja
19%
1 559 Malta
19%
Nie znaleziono quizów pasujących do podanych kryteriów
Rozkład punktacji
Procent ludzi z każdym wynikiem
Percentyl według liczby udzielonych odpowiedzi
Twoja historia wyników
Nie rozwiązałeś tego quizu